000 00683nam a2200277Ia 4500
005 20260324115159.0
008 008 260324s9999 xx 000 0 eng d
020 _a9780429280948
037 _aEBOOK
040 _aCRL
040 _beng
040 _cCRL
041 _2eng
041 _aeng
084 _qCRL
100 _aIra Nurmala; Yashwant V. Pathak
_91153673
245 0 _aAdvancing Professional Development through CPE in Public Health
260 _bTaylor and Francis
260 _c2019
365 _a
365 _b115
856 _uhttp://www.taylorfrancis.com/books/9780429280948
942 _cEBOOK
999 _c1744364
_d1744364